Sports Quiz

Random Sports or Football Quiz

NFL QBs with 7 TDs in a Game Quiz Stats

 Plays Quiz Updated Nov 20, 2015

Challenge
Share
Tweet
Embed
Score 0/8 Timer 03:00
4 Plays Today
Year Quarterback % Correct
2015Drew Brees
92.2%
2013Peyton Manning
91.6%
2013Nick Foles
35.5%
1962Y.A. Tittle
27.6%
1943Sid Luckman
14.8%
1961George Blanda
12%
1969Joe Kapp
6.3%
1954Adrian Burk
3.2%

You're not logged in!

Compare scores with friends on all Sporcle quizzes.
OR
Log In

You Might Also Like...

Show Comments

Extras

Top Quizzes Today


Score Distribution

Your Account Isn't Verified!

In order to create a playlist on Sporcle, you need to verify the email address you used during registration. Go to your Sporcle Settings to finish the process.

Report this User

Report this user for behavior that violates our Community Guidelines.

Details: